000 00467nam a2200169Ia 4500
008 090711s9999 xx 000 0 und d
082 _b64884
100 _aबापट सुहास भा.
245 _aरंगतरंग
260 _c1990
300 _a202
600 _aबापट सुहास भा.
630 _aरंगतरंग
700 _aबापट सुहास भा.
730 _aरंगतरंग
942 _cBOOK
999 _c315817
_d315817